000 01081nam a22003377a 4500
001 BR9902057
003 BR-BrBNA
005 20230928100313.0
007 ta
008 230509b bl.||||| |||| 00| 0 por d
040 _aBR-BrBNA
_bpor
_cBiblioteca Nacional de Agricultura
041 _a(Por)
072 _aL51
_b5214
_b0230
_b8956
090 _ 5214 BR9902057
100 1 _aStacchini, P.F.
110 1 _aEscola Superior de Agricultura Luiz de Queiroz, Piracicaba, SP (Brasil)
_0Tese (Mestre em Agronomia)
245 1 _aEfeito dos teores de ureia e do farelo de soja sobre a digestibilidade e balanco de nitrogenio em vacas leiteiras alimentadas com cana-de-acucar
260 3 _aPiracicaba, SP (Brasil):
_c199.
300 _a67 p.
500 _aSummaries (Eng, Por); Bibliography p. 60-67; 10 tables
650 _aVaca Leiteira
650 _aCana de Acucar
650 _aSoja
650 _aUreia
650 _aFarelo
650 _aNitrogenio
650 _aDigestibilidade
650 _aNutricao Animal
909 _a202309
_bLucia
_c55
_dLucia Elande
942 _cBK
999 _c60871
_d60871